THE HISTORICAL ROLE OF ISLAM (Record no. 443030)

MARC details
000 -LEADER
fixed length control field 00487nam a2200169Ia 4500
008 - FIXED-LENGTH DATA ELEMENTS--GENERAL INFORMATION
fixed length control field 100122s9999 xx 000 0 und d
082 ## - DEWEY DECIMAL CLASSIFICATION NUMBER
Item number 4102
Classification number 297
100 ## - MAIN ENTRY--PERSONAL NAME
Personal name ROY M N
245 ## - TITLE STATEMENT
Title THE HISTORICAL ROLE OF ISLAM
260 ## - PUBLICATION, DISTRIBUTION, ETC. (IMPRINT)
Name of publisher, distributor, etc VORA & COMPANY
Date of publication, distribution, etc 1937
300 ## - PHYSICAL DESCRIPTION
Extent 106
520 ## - SUMMARY, ETC.
Summary, etc माळयाचर गठ्ठा- 4
620 ## -
-- माळयाचर गठ्ठा- 4
630 ## - SUBJECT ADDED ENTRY--UNIFORM TITLE
Uniform title THE HISTORICAL ROLE OF ISLAM
730 ## - ADDED ENTRY--UNIFORM TITLE
Uniform title THE HISTORICAL ROLE OF ISLAM
942 ## - ADDED ENTRY ELEMENTS (KOHA)
Koha item type Book
Holdings
Withdrawn status Lost status Damaged status Not for loan Home library Current library Date acquired Cost, normal purchase price Total Checkouts Full call number Barcode Date last seen Cost, replacement price Price effective from Koha item type Public note
        S.V. Pathak Library, Vile Parle S.V. Pathak Library, Vile Parle 01/01/1938 2.00   4102 SVPPARLE-4102 01/25/2010 2.00 01/25/2010 Book General NA